LDR 01290naa#a2200181#i#450# 001 RU\\bibl\113940 005 20260426085028.7 011 ## _a2782-4586 100 ## _a20260331b2026####ek#y0rusy0150####ca 102 ## _aRU 200 1# _aИнтеграция IoT-устройств в домашнюю экономику: разработка программного приложения "SmartHome" для управления домохозяйством и оптимизации расходов _eЖурнальная статья 210 1# _aМосква _cУниверситет ИТБО _d2026 215 ## _a5 с. 608 ## _aЖурнальная статья _2local 675 ## _aПрикладные системы искусственного интеллекта. Интеллектуальные системы, обладающие знаниями. 004.89 _aНациональное богатство. Валовой национальный продукт. Совокупный общественный продукт. Народнохозяйственные балансы. Национальные счета. 330.5 _z 700 #1 _aМинкин _gАлександр Владимирович 700 #1 _aНигметзянова _gСуюмбика Мавлетзяновна 856 4# _ajomeam.ru _u